| 000 | 00958nam a22003017a 4500 | ||
|---|---|---|---|
| 003 | CHAP | ||
| 005 | 20220329143557.0 | ||
| 008 | 100622s1984 r 00010 d | ||
| 010 | _a98773 | ||
| 011 | _a99745 | ||
| 020 | _a0412255502 | ||
| 035 | _a110431 | ||
| 040 | _cCHAP | ||
| 082 |
_a581.192 _bH36 1984 |
||
| 100 | 0 | 0 |
_aHarborne, Jeffrey Barry. _952623 |
| 245 | 1 | 0 |
_aPhytochemical methods : _ba guide to modern techniques of plant analysis _c/by J.B. Harborne |
| 250 | _a2 ed. | ||
| 260 |
_aLondon : _bChapman and Hall, _c1984 |
||
| 300 |
_axii, 288 p. : _bgráfs., tablas |
||
| 590 |
_aBATCH-UPD _b10 _c20130110 _lUCH01 _h2021 |
||
| 590 |
_aBATCH-UPD _b10 _c20130410 _lUCH01 _h1339 |
||
| 590 |
_aBATCH-UPD _b10 _c20130914 _lUCH01 _h1601 |
||
| 590 |
_aCONVERSION _b10 _c20130109 _lUCH01 _h1355 |
||
| 650 | 1 | 4 |
_aQuímica vegetal. _993602 |
| 901 | _aBK | ||
| 942 | _cLIBRO | ||
| 949 |
_a581.192 H36 1984 _bBC _cLIBRO _d33724002200644 _eLIBRO _h112815 _i110431 _si |
||
| 999 |
_c98773 _d98773 |
||